[Event "Quebec op"]
[Site "Chess.com"]
[Date "2020.07.28"]
[Round "4.9"]
[White "Potvin, Alain-Nicolas"]
[Black "Neacsu, Theodore"]
[Result "1/2-1/2"]
[WhiteElo "1723"]
[BlackElo "1161"]
[PlyCount "107"]
[EventDate "2020.07.25"]
[EventType "swiss"]
[EventRounds "7"]
[EventCountry "CAN"]

1. d4 Nf6 2. e3 d5 3. Bd3 Nc6 4. f4 Nb4 5. Nf3 Nxd3+ 6. cxd3 e6 7. O-O Be7 8.
Nbd2 O-O 9. Nb3 b6 10. Rf2 Bb7 11. Rc2 Bd6 12. Bd2 Rc8 13. Rac1 a5 14. Be1 Ng4
15. Qe2 f6 16. Bg3 Qe8 17. h3 Nh6 18. Bh2 Nf7 19. e4 a4 20. Nbd2 Qd7 21. e5
fxe5 22. Nxe5 Qe7 23. Ndf3 Qe8 24. Nxf7 Rxf7 25. Ng5 Rf6 26. f5 Bxh2+ 27. Kxh2
Rxf5 28. Qxe6+ Qxe6 29. Nxe6 c6 30. g4 Rf6 31. Re2 Re8 32. Rce1 Bc8 33. Ng5
Rxe2+ 34. Rxe2 h6 35. Re8+ Rf8 36. Rxf8+ Kxf8 37. Nf3 g5 38. Ne5 c5 39. Kg3
cxd4 40. h4 gxh4+ 41. Kxh4 Kg7 42. Nc6 Kf6 43. Kh5 Bd7 44. Nxd4 Ke5 45. Ne2 d4
46. g5 hxg5 47. Kxg5 Bb5 48. Nc1 Bc6 49. Kg4 Bb5 50. Kg3 Bd7 51. Kf2 Bf5 52.
Ke1 Bd7 53. Kd2 Bf5 54. Ne2 1/2-1/2

[Event "Quebec op"]
[Site "Chess.com"]
[Date "2020.07.28"]
[Round "4.11"]
[White "Dube, Daniel"]
[Black "Duval, Mathieu"]
[Result "0-1"]
[WhiteElo "1737"]
[BlackElo "1363"]
[PlyCount "156"]
[EventDate "2020.07.25"]
[EventType "swiss"]
[EventRounds "7"]
[EventCountry "CAN"]

1. e4 c5 2. Nf3 Nc6 3. d4 cxd4 4. Nxd4 g6 5. Nc3 Bg7 6. Be3 d6 7. Be2 Nf6 8.
O-O O-O 9. h3 Bd7 10. Nb3 Rc8 11. f4 a6 12. a4 Nb8 13. Bf3 Bc6 14. Nd4 Qd7 15.
Nxc6 Nxc6 16. a5 e6 17. Na4 Qe7 18. Nb6 Rc7 19. c3 d5 20. e5 Nd7 21. b4 Nxb6
22. axb6 Rcc8 23. Bd4 Nxd4 24. Qxd4 Rc4 25. Qd2 Rfc8 26. Rfc1 R8c6 27. Be2 Qd8
28. Bxc4 Qxb6+ 29. Qf2 Qxf2+ 30. Kxf2 Rxc4 31. g3 Bf8 32. Ke2 Be7 33. Rab1 Re4+
34. Kd3 Rc4 35. Rb2 h5 36. h4 Kf8 37. Ra1 Ke8 38. b5 axb5 39. Rxb5 Rc7 40. Ra7
Bc5 41. Raxb7 Rxb7 42. Rxb7 Bf2 43. Ke2 Bxg3 44. Kf3 Bxh4 45. Rb1 Be7 46. Rb7
Kf8 47. Rb8+ Kg7 48. Re8 Ba3 49. Rc8 Bb2 50. c4 dxc4 51. Rxc4 Ba3 52. Rc7 Bb4
53. Rc4 Be7 54. Ke4 Ba3 55. Rc7 Bb4 56. Kf3 Ba5 57. Rd7 Bb4 58. Kg3 Be1+ 59.
Kh3 Bc3 60. Kh4 Be1+ 61. Kg5 Ba5 62. f5 gxf5 63. Kxh5 Bc3 64. Rd3 Bxe5 65. Kg5
Bb2 66. Rd7 Bc1+ 67. Kh5 Kf6 68. Rc7 Bf4 69. Rb7 Bg3 70. Kh6 f4 71. Rb3 Kf5 72.
Kg7 f6 73. Rb5+ e5 74. Rb6 Bh4 75. Kh6 f3 76. Kh5 f2 77. Rb1 Bg3 78. Rf1 e4 0-1

[Event "Quebec op"]
[Site "Chess.com"]
[Date "2020.07.28"]
[Round "4.12"]
[White "Imbeault, Marc"]
[Black "Dufresne, Christophe"]
[Result "0-1"]
[WhiteElo "1190"]
[BlackElo "1586"]
[PlyCount "62"]
[EventDate "2020.07.25"]
[EventType "swiss"]
[EventRounds "7"]
[EventCountry "CAN"]

1. e4 e5 2. Nf3 Nc6 3. Bb5 a6 4. Ba4 Nf6 5. O-O Be7 6. d3 b5 7. Bb3 d6 8. a4
Bb7 9. axb5 axb5 10. Rxa8 Qxa8 11. Nc3 b4 12. Nd5 Nxd5 13. Bxd5 Na5 14. Bxb7
Qxb7 15. Bd2 O-O 16. Qe1 c5 17. c3 bxc3 18. bxc3 Rb8 19. c4 Nc6 20. Ng5 Bxg5
21. Bxg5 f6 22. Bd2 Qb3 23. Qe3 Nb4 24. Bxb4 cxb4 25. f4 exf4 26. Rxf4 Qa2 27.
Qg3 b3 28. Rxf6 b2 29. h3 b1=Q+ 30. Kh2 Qaa1 31. Qg4 Qxf6 0-1

[Event "Quebec op"]
[Site "Chess.com"]
[Date "2020.07.28"]
[Round "4.13"]
[White "He, Zekai"]
[Black "Zhao, Alex"]
[Result "1-0"]
[WhiteElo "1575"]
[BlackElo "1124"]
[PlyCount "81"]
[EventDate "2020.07.25"]
[EventType "swiss"]
[EventRounds "7"]
[EventCountry "CAN"]

1. e4 e5 2. Nf3 Nc6 3. Bc4 Nd4 4. O-O Nxf3+ 5. Qxf3 Nf6 6. d3 h6 7. Nc3 Bc5 8.
Qg3 d6 9. Qxg7 Rh7 10. Qg3 Qe7 11. Nd5 Nxd5 12. Qg8+ Qf8 13. Qxh7 Nb4 14. Bxh6
Qe7 15. Qg8+ Kd7 16. Qxf7 Qxf7 17. Bxf7 Nxc2 18. Rac1 Nb4 19. Bc4 Bd4 20. Rb1
Ke7 21. Be3 Bxe3 22. fxe3 Be6 23. Bxe6 Kxe6 24. Rbd1 Nxa2 25. Rf3 Nb4 26. Rdf1
Nxd3 27. Rf6+ Kd7 28. Rf7+ Kc6 29. Rb1 Rg8 30. b4 Kb6 31. g3 Rg4 32. Rb3 Nc1
33. Rb1 Nd3 34. Kg2 Rxe4 35. Kf3 Rxb4 36. Rxb4+ Nxb4 37. h4 a5 38. h5 a4 39. h6
a3 40. Ke2 Na2 41. Kd2 1-0

[Event "Quebec op"]
[Site "Chess.com"]
[Date "2020.07.28"]
[Round "4.15"]
[White "Li, Jake Chi Hang"]
[Black "Langlois, Emanuel"]
[Result "1-0"]
[WhiteElo "1008"]
[BlackElo "1290"]
[PlyCount "155"]
[EventDate "2020.07.25"]
[EventType "swiss"]
[EventRounds "7"]
[EventCountry "CAN"]

1. e4 e5 2. Nf3 Nc6 3. d4 exd4 4. c3 dxc3 5. Bc4 cxb2 6. Bxb2 Bb4+ 7. Nbd2 Nf6
8. a3 Ba5 9. O-O d6 10. Nb3 Bb6 11. e5 Ng4 12. exd6 O-O 13. h3 Nh6 14. dxc7
Qxc7 15. Rc1 Rd8 16. Nbd4 Qf4 17. g3 Qd6 18. Nxc6 Qxd1 19. Rcxd1 Rxd1 20. Rxd1
bxc6 21. Ne5 Bxh3 22. Nxc6 Kf8 23. a4 Bc5 24. Kh2 Be6 25. Bxe6 fxe6 26. Bd4
Ng4+ 27. Kg2 Bb6 28. a5 Bxd4 29. Nxd4 Kf7 30. Re1 Re8 31. Nb5 Re7 32. Nd6+ Kg6
33. Nc8 Rf7 34. Rxe6+ Rf6 35. Rxf6+ Nxf6 36. Nxa7 Nd7 37. Kf3 Nc5 38. Nb5 Kg5
39. Nc7 h5 40. a6 Nd7 41. a7 Nb6 42. a8=Q Nxa8 43. Nxa8 h4 44. gxh4+ Kxh4 45.
Nc7 g5 46. Ne6 g4+ 47. Kg2 Kh5 48. Kg3 Kg6 49. Kxg4 Kf6 50. Nd4 Ke5 51. Nc6+
Ke4 52. f4 Kd5 53. Ne7+ Ke6 54. Ng6 Kf6 55. f5 Kf7 56. Kg5 Kg7 57. f6+ Kf7 58.
Ne5+ Kf8 59. Kg6 Ke8 60. Nd7 Kxd7 61. f7 Ke7 62. Kg7 Ke6 63. f8=Q Ke5 64. Qf7
Kd4 65. Qe6 Kd3 66. Qe5 Kc4 67. Qd6 Kc3 68. Qd5 Kb4 69. Qc6 Kb3 70. Qc5 Kb2 71.
Qc4 Ka3 72. Qb5 Ka2 73. Qb4 Ka1 74. Kf6 Ka2 75. Ke5 Ka1 76. Kd4 Ka2 77. Kc3 Ka1
78. Qb2# 1-0

[Event "Quebec op"]
[Site "Chess.com"]
[Date "2020.07.28"]
[Round "4.16"]
[White "Wu, Ting En Ryan"]
[Black "Guillemette, Thomas"]
[Result "1-0"]
[WhiteElo "980"]
[BlackElo "891"]
[PlyCount "125"]
[EventDate "2020.07.25"]
[EventType "swiss"]
[EventRounds "7"]
[EventCountry "CAN"]

1. d4 d5 2. c4 Nf6 3. e3 Bf5 4. Nc3 Nc6 5. a3 a6 6. Nf3 Bg4 7. Be2 Bxf3 8. Bxf3
dxc4 9. Be2 b5 10. Bf3 Qd7 11. O-O Nb4 12. Bxa8 Nd3 13. d5 Qd6 14. Bc6+ Kd8 15.
e4 Ne5 16. f4 Qc5+ 17. Kh1 Nd3 18. Qe2 e6 19. Be3 Qe7 20. dxe6 Qxe6 21. Bd5
Nxd5 22. Nxd5 Qxe4 23. Nc3 Qe6 24. f5 Qe7 25. Rad1 f6 26. Bg1 Qd6 27. Rf3 Kc8
28. Qe6+ Kb8 29. Qxd6 Bxd6 30. Rd2 Ne1 31. Rf1 Nd3 32. a4 Nf4 33. Rxd6 cxd6 34.
Rxf4 b4 35. Na2 b3 36. Nb4 a5 37. Nc6+ Kc7 38. Nxa5 c3 39. Rc4+ Kd7 40. Rxc3
Ra8 41. Bb6 Re8 42. Rxb3 Re1+ 43. Bg1 d5 44. Re3 Rb1 45. b3 Rf1 46. Rf3 Rxf3
47. gxf3 Kd6 48. b4 h5 49. b5 Kc7 50. b6+ Kb8 51. Nb3 h4 52. a5 Kb7 53. Nc5+
Kb8 54. a6 h3 55. Nd7+ Kc8 56. b7+ Kxd7 57. b8=Q Kc6 58. Qb6+ Kd7 59. a7 Ke7
60. a8=Q Kf7 61. Qaa7+ Kg8 62. Qbc7 Kf8 63. Qab8# 1-0

[Event "Quebec op"]
[Site "Chess.com"]
[Date "2020.07.29"]
[Round "5.2"]
[White "Ouellet, Maili-Jade"]
[Black "Turcotte, Jonathan"]
[Result "1-0"]
[WhiteElo "2341"]
[BlackElo "2035"]
[PlyCount "75"]
[EventDate "2020.07.25"]
[EventType "swiss"]
[EventRounds "7"]
[EventCountry "CAN"]

1. d4 d5 2. c4 c6 3. Nf3 Nf6 4. e3 Bf5 5. Nc3 e6 6. Nh4 Be4 7. f3 Bg6 8. Qb3
Qc7 9. Bd2 Be7 10. g3 Nbd7 11. Bg2 O-O 12. Nxg6 hxg6 13. O-O a6 14. Rac1 dxc4
15. Qxc4 b5 16. Qe2 c5 17. dxc5 Qxc5 18. f4 Rad8 19. Nd5 exd5 20. Rxc5 Bxc5 21.
Qd3 Rfe8 22. Re1 Nb6 23. b3 Nc8 24. Bc3 d4 25. Ba5 Rd6 26. e4 Rde6 27. e5 Nd7
28. Rc1 Ba7 29. Kh1 Nc5 30. Qd2 Kh7 31. Bb4 Nd7 32. Rc7 Rd8 33. Bh3 Ndb6 34.
Bxe6 fxe6 35. Bc5 d3 36. Rxa7 Nc4 37. bxc4 bxc4 38. Rb7 1-0

[Event "Quebec op"]
[Site "Chess.com"]
[Date "2020.07.29"]
[Round "5.3"]
[White "Allard, Laurent"]
[Black "Craciun, David"]
[Result "1-0"]
[WhiteElo "2165"]
[BlackElo "1930"]
[PlyCount "61"]
[EventDate "2020.07.25"]
[EventType "swiss"]
[EventRounds "7"]
[EventCountry "CAN"]

1. e4 e5 2. Nf3 Nc6 3. d4 exd4 4. Nxd4 Bc5 5. Nb3 Bb6 6. Nc3 d6 7. Qe2 Nge7 8.
Be3 Be6 9. O-O-O Qd7 10. g3 O-O-O 11. Bg2 f5 12. Bxb6 axb6 13. Rhe1 Rhe8 14. f4
fxe4 15. Nxe4 Bg4 16. Bf3 Bxf3 17. Qxf3 d5 18. Ng5 Rg8 19. Nd4 Nxd4 20. Rxd4 h6
21. Ne6 Rde8 22. f5 Qd6 23. Ra4 Kb8 24. Re3 Nc6 25. Rea3 Kc8 26. Ra8+ Kd7 27.
Rxe8 Rxe8 28. Qg4 Qe5 29. Rd3 Re7 30. Nf4 d4 31. f6+ 1-0

[Event "Quebec op"]
[Site "Chess.com"]
[Date "2020.07.29"]
[Round "5.4"]
[White "Leger, Manon"]
[Black "Bolduc, Steve"]
[Result "1-0"]
[WhiteElo "1894"]
[BlackElo "2091"]
[PlyCount "36"]
[EventDate "2020.07.25"]
[EventType "swiss"]
[EventRounds "7"]
[EventCountry "CAN"]

1. e4 c5 2. Nf3 e6 3. c4 Nc6 4. d4 cxd4 5. Nxd4 Qc7 6. Be3 a6 7. Nc3 Nf6 8. Rc1
Be7 9. Be2 O-O 10. O-O b6 11. f4 Nxd4 12. Bxd4 d6 13. Qe1 Bb7 14. Bd3 Nd7 15.
Rf3 Bf6 16. Bxf6 Nxf6 17. Rh3 Rfd8 18. Qh4 e5 {(telephone sonne/rang)} 1-0

[Event "Quebec op"]
[Site "Chess.com"]
[Date "2020.07.29"]
[Round "5.5"]
[White "Adam, Rafael"]
[Black "Wang, Rachel"]
[Result "1/2-1/2"]
[WhiteElo "2049"]
[BlackElo "1837"]
[PlyCount "67"]
[EventDate "2020.07.25"]
[EventType "swiss"]
[EventRounds "7"]
[EventCountry "CAN"]

1. e3 d5 2. d4 Nf6 3. Nf3 e6 4. c4 dxc4 5. Bxc4 c5 6. O-O Nc6 7. a3 cxd4 8.
exd4 Be7 9. Nc3 O-O 10. Be3 a6 11. Ba2 b5 12. Rc1 Bb7 13. d5 exd5 14. Nxd5 Nxd5
15. Qxd5 Qxd5 16. Bxd5 Rac8 17. Rfd1 Na5 18. Rxc8 Rxc8 19. Bxb7 Nxb7 20. Rd7
Rd8 21. Rxd8+ Nxd8 22. Bd4 Nc6 23. Bc3 b4 24. axb4 Bxb4 25. Bxb4 Nxb4 26. Kf1
Nd3 27. b3 Kf8 28. Nd2 Nc5 29. Ke2 a5 30. Ke3 a4 31. b4 Na6 32. b5 Nc7 33. Kd4
Nxb5+ 34. Kc4 1/2-1/2

[Event "Quebec op"]
[Site "Chess.com"]
[Date "2020.07.29"]
[Round "5.7"]
[White "Neacsu, Catalin"]
[Black "Couture, Jonathan"]
[Result "1-0"]
[WhiteElo "1947"]
[BlackElo "1853"]
[PlyCount "51"]
[EventDate "2020.07.25"]
[EventType "swiss"]
[EventRounds "7"]
[EventCountry "CAN"]

1. e4 Nf6 2. e5 Nd5 3. d4 d6 4. c4 Nb6 5. exd6 exd6 6. Nf3 Bg4 7. Nc3 Nc6 8.
Be3 Be7 9. h3 Bh5 10. b3 O-O 11. Be2 Re8 12. Qd2 Bf6 13. g4 Bg6 14. g5 Be7 15.
Nh4 d5 16. c5 Nc8 17. O-O-O Na5 18. Nxg6 hxg6 19. h4 c6 20. h5 gxh5 21. Bxh5 b6
22. f4 Rb8 23. Kc2 Qd7 24. Qd3 Bd8 25. Rdg1 Qe7 26. Qh7+ 1-0

[Event "Quebec op"]
[Site "Chess.com"]
[Date "2020.07.29"]
[Round "5.8"]
[White "Bilodeau-Savaria, Carl-William"]
[Black "Bilodeau-Savaria, Sandy-Rose"]
[Result "0-1"]
[WhiteElo "1766"]
[BlackElo "1501"]
[PlyCount "36"]
[EventDate "2020.07.25"]
[EventType "swiss"]
[EventRounds "7"]
[EventCountry "CAN"]

1. d4 d5 2. c4 e6 3. Nf3 Nf6 4. Nc3 c6 5. e3 Nbd7 6. Bd3 dxc4 7. Bxc4 b5 8. Bd3
a6 9. O-O Bb7 10. e4 c5 11. e5 cxd4 12. Nxb5 axb5 13. exf6 Qxf6 14. Bxb5 Bxf3
15. Bxd7+ Kxd7 16. gxf3 Bd6 17. Qe2 Qg6+ 18. Kh1 Qh5 0-1

[Event "Quebec op"]
[Site "Chess.com"]
[Date "2020.07.29"]
[Round "5.9"]
[White "Duval, Mathieu"]
[Black "Potvin, Alain-Nicolas"]
[Result "0-1"]
[WhiteElo "1363"]
[BlackElo "1723"]
[PlyCount "68"]
[EventDate "2020.07.25"]
[EventType "swiss"]
[EventRounds "7"]
[EventCountry "CAN"]

1. d4 Nf6 2. c4 g6 3. Nc3 Bg7 4. e4 d6 5. f4 O-O 6. Nf3 c5 7. d5 e6 8. Bd3 exd5
9. cxd5 a6 10. a4 Re8 11. O-O Qb6 12. Kh1 Bg4 13. h3 Bxf3 14. Qxf3 Nbd7 15. a5
Qc7 16. Bc4 b5 17. Bd3 c4 18. Bc2 Nc5 19. Re1 b4 20. Na4 Nxd5 21. e5 Ne7 22.
Nb6 Rad8 23. Nxc4 dxe5 24. fxe5 Nc6 25. Bf4 Nd4 26. Qf2 Nce6 27. Bd3 Nb3 28.
Rad1 Rxd3 29. Rxd3 Qxc4 30. Rd6 Nxf4 31. Rf1 Bxe5 32. Rd7 Nc5 33. Ra7 Ne4 34.
Qe1 Ng3+ 0-1

[Event "Quebec op"]
[Site "Chess.com"]
[Date "2020.07.29"]
[Round "5.10"]
[White "He, Jiaqi"]
[Black "Fortin, Anne-Esmee"]
[Result "1-0"]
[WhiteElo "1671"]
[BlackElo "1339"]
[PlyCount "103"]
[EventDate "2020.07.25"]
[EventType "swiss"]
[EventRounds "7"]
[EventCountry "CAN"]

1. e4 e5 2. Nf3 Nc6 3. Bc4 Bc5 4. c3 Nf6 5. d3 O-O 6. O-O d6 7. h3 h6 8. Re1
Re8 9. Bb3 a6 10. Nbd2 b5 11. Nf1 d5 12. exd5 Nxd5 13. d4 Ba7 14. dxe5 Be6 15.
Ng3 Qd7 16. Nd4 Rad8 17. Ne4 Nxe5 18. Bxh6 Bxh3 19. Bxd5 Bxd4 20. cxd4 Bg4 21.
Qd2 Qxd5 22. Qg5 Nf3+ 23. gxf3 Qxg5 24. Bxg5 f6 25. fxg4 fxg5 26. Nxg5 Rxe1+
27. Rxe1 g6 28. Re6 Rxd4 29. Re8+ Kg7 30. Ne6+ Kf7 31. Nxd4 Kxe8 32. f4 c5 33.
Ne6 c4 34. Nc7+ Kd7 35. Nxa6 Kc6 36. Nb4+ Kc5 37. a3 Kd4 38. Kf2 Ke4 39. Kg3
Ke3 40. f5 gxf5 41. gxf5 Kd2 42. f6 Kc1 43. f7 Kxb2 44. f8=Q Kxa3 45. Qc5 Kb3
46. Qxb5 c3 47. Nd3+ Kc2 48. Kf3 Kd2 49. Qc4 c2 50. Ke4 c1=Q 51. Qxc1+ Ke2 52.
Qe1# 1-0

[Event "Quebec op"]
[Site "Chess.com"]
[Date "2020.07.29"]
[Round "5.11"]
[White "Dufresne, Christophe"]
[Black "Li, Jake Chi Hang"]
[Result "1-0"]
[WhiteElo "1586"]
[BlackElo "1008"]
[PlyCount "95"]
[EventDate "2020.07.25"]
[EventType "swiss"]
[EventRounds "7"]
[EventCountry "CAN"]

1. e3 d5 2. d4 c5 3. dxc5 e5 4. c4 Nf6 5. cxd5 Qxd5 6. Qxd5 Nxd5 7. Nf3 Nc6 8.
Bb5 e4 9. Ne5 Bxc5 10. Nxc6 Bd7 11. Nd4 Bxd4 12. Bxd7+ Kxd7 13. exd4 Rac8 14.
Kd2 Nb6 15. b3 Ke6 16. Bb2 Nd5 17. Nc3 Nb4 18. Ba3 Nd3 19. Nxe4 Nf4 20. g3 Ng6
21. Nc5+ Kd5 22. Nxb7 Kxd4 23. Bb2+ Kd5 24. Bxg7 Rhe8 25. Rac1 Rb8 26. Rc5+ Ke6
27. Re1+ Kd7 28. Rxe8 Rxe8 29. Na5 Kd6 30. Rc4 Rd8 31. Rd4+ Ke7 32. Nc6+ Ke6
33. Nxd8+ Kf5 34. g4+ Kg5 35. Nxf7+ Kh4 36. g5+ Kh5 37. Bh6 Ne7 38. Ne5 Nf5 39.
Rf4 Nxh6 40. gxh6 Kxh6 41. Rg4 Kh5 42. f4 Kh6 43. f5 Kh5 44. f6 Kh6 45. f7 a5
46. f8=Q+ Kh5 47. Qf5+ Kh6 48. Qg5# 1-0

[Event "Quebec op"]
[Site "Chess.com"]
[Date "2020.07.29"]
[Round "5.12"]
[White "Neacsu, Theodore"]
[Black "He, Zekai"]
[Result "1/2-1/2"]
[WhiteElo "1161"]
[BlackElo "1575"]
[PlyCount "67"]
[EventDate "2020.07.25"]
[EventType "swiss"]
[EventRounds "7"]
[EventCountry "CAN"]

1. e4 c5 2. Nf3 Nc6 3. c3 Nf6 4. d3 e6 5. Be2 Be7 6. O-O O-O 7. Nbd2 d5 8. exd5
exd5 9. b3 Be6 10. Bb2 Rc8 11. d4 cxd4 12. cxd4 Bd6 13. Ng5 Bf5 14. Ngf3 Bc7
15. Rc1 Qd6 16. Re1 Ne4 17. Nf1 Ne7 18. Ng3 Ba5 19. Rxc8 Rxc8 20. Nxf5 Nxf5 21.
Rf1 Bc7 22. g3 Re8 23. Bb5 Re6 24. Re1 h5 25. h4 Nfxg3 26. Ne5 f6 27. fxg3 fxe5
28. Rxe4 dxe4 29. Qxh5 Rh6 30. Bc4+ Kh7 31. Qf7 exd4 32. Qg8+ Kg6 33. Qe8+ Kf5
34. Qf7+ 1/2-1/2

[Event "Quebec op"]
[Site "Chess.com"]
[Date "2020.07.29"]
[Round "5.13"]
[White "Imbeault, Marc"]
[Black "Lynch, Jonathan"]
[Result "0-1"]
[WhiteElo "1190"]
[BlackElo "1682"]
[PlyCount "52"]
[EventDate "2020.07.25"]
[EventType "swiss"]
[EventRounds "7"]
[EventCountry "CAN"]

1. e4 d6 2. d4 Nf6 3. Nc3 Nbd7 4. Nf3 e5 5. Bc4 Be7 6. O-O h6 7. Be3 c6 8. Qd2
b5 9. Bd3 Bb7 10. Rad1 Ng4 11. Rfe1 Nxe3 12. fxe3 g5 13. h3 h5 14. Nh2 Qa5 15.
Qf2 b4 16. Ne2 Qxa2 17. Rf1 Qe6 18. Ng3 d5 19. Nf5 Bf8 20. Nf3 Rg8 21. exd5
cxd5 22. Nxe5 Nxe5 23. dxe5 Rc8 24. Nd6+ Bxd6 25. Bf5 Qxe5 26. Bxc8 Qh2# 0-1

[Event "Quebec op"]
[Site "Chess.com"]
[Date "2020.07.29"]
[Round "5.14"]
[White "Zhao, Alex"]
[Black "Wu, Ting En Ryan"]
[Result "1-0"]
[WhiteElo "1124"]
[BlackElo "980"]
[PlyCount "63"]
[EventDate "2020.07.25"]
[EventType "swiss"]
[EventRounds "7"]
[EventCountry "CAN"]

1. e4 c5 2. Nf3 Nc6 3. d4 cxd4 4. Nxd4 Nf6 5. Nc3 g6 6. Be3 Bg7 7. Be2 O-O 8.
Qd2 d6 9. O-O-O Bd7 10. Bh6 Bxh6 11. Qxh6 Bg4 12. f3 Nxd4 13. Rxd4 Bd7 14. g4
Bc6 15. h4 Kh8 16. Qd2 Kg7 17. e5 Ne8 18. exd6 exd6 19. a3 Qf6 20. Rf4 Qe5 21.
Re1 Qe7 22. g5 Kg8 23. Bc4 Qd7 24. Nd5 Bxd5 25. Qxd5 Nc7 26. Qd4 b5 27. Bb3 Ne6
28. Bxe6 fxe6 29. Rfe4 e5 30. Rxe5 Rxf3 31. Re7 Qd8 32. Qg7# 1-0

[Event "Quebec op"]
[Site "Chess.com"]
[Date "2020.07.29"]
[Round "5.15"]
[White "Bilodeau-Savaria, Karl"]
[Black "Chanot, Frederic"]
[Result "1-0"]
[WhiteElo "759"]
[BlackElo "1079"]
[PlyCount "83"]
[EventDate "2020.07.25"]
[EventType "swiss"]
[EventRounds "7"]
[EventCountry "CAN"]

1. d4 d5 2. c4 Nf6 3. Nf3 g6 4. e3 Bg7 5. Be2 Be6 6. c5 O-O 7. O-O b6 8. b4 c6
9. a4 Qc7 10. Nc3 Ng4 11. h3 Nf6 12. Re1 h6 13. Bd2 Bd7 14. Bd3 Re8 15. a5 b5
16. e4 dxe4 17. Bxe4 Be6 18. Bxg6 Bc4 19. Bc2 Nbd7 20. Qc1 Nh7 21. Bxh6 Bxh6
22. Qxh6 Ndf6 23. Bxh7+ Nxh7 24. Qe3 f6 25. Nd2 Kf7 26. Qh6 Bd3 27. Nce4 Rh8
28. Qh5+ Kf8 29. Re3 Bxe4 30. Nxe4 Qf4 31. g3 Qc7 32. Qh6+ Ke8 33. Nxf6+ Kd8
34. Nxh7 Kc8 35. Rae1 e6 36. Rxe6 Rxh7 37. Re8+ Kb7 38. Qe6 Rxe8 39. Qxe8 Ka6
40. Re6 Rxh3 41. Rxc6+ Qxc6 42. Qxc6# 1-0

[Event "Quebec op"]
[Site "Chess.com"]
[Date "2020.07.30"]
[Round "6.2"]
[White "Allard, Laurent"]
[Black "Huang, Qiuyu"]
[Result "0-1"]
[WhiteElo "2165"]
[BlackElo "2203"]
[PlyCount "72"]
[EventDate "2020.07.25"]
[EventType "swiss"]
[EventRounds "7"]
[EventCountry "CAN"]

1. e4 c5 2. Nf3 Nc6 3. Bb5 g6 4. O-O Bg7 5. Re1 e5 6. Bxc6 bxc6 7. c3 d6 8. h3
Ne7 9. d4 cxd4 10. cxd4 exd4 11. Nxd4 O-O 12. Nc3 Rb8 13. Nb3 Be5 14. Be3 Qc7
15. Bd4 f6 16. Rc1 Be6 17. Be3 f5 18. Bh6 Rfd8 19. Nd4 Qd7 20. Nxe6 Qxe6 21.
exf5 Qxf5 22. Qd2 Bf6 23. Be3 Rd7 24. b3 d5 25. Bf4 Rf8 26. Bh6 Rc8 27. g4 Bxc3
28. Rxc3 Qf7 29. Qd4 c5 30. Rxc5 Rxc5 31. Qxc5 Qf6 32. Kg2 g5 33. Qb4 Kf7 34.
Bxg5 Qxg5 35. Re3 d4 36. Qc4+ Qd5+ 0-1

[Event "Quebec op"]
[Site "Chess.com"]
[Date "2020.07.30"]
[Round "6.5"]
[White "Potvin, Alain-Nicolas"]
[Black "Adam, Rafael"]
[Result "1-0"]
[WhiteElo "1723"]
[BlackElo "2049"]
[PlyCount "61"]
[EventDate "2020.07.25"]
[EventType "swiss"]
[EventRounds "7"]
[EventCountry "CAN"]

1. d4 Nf6 2. e3 g6 3. Bd3 Bg7 4. Nd2 d6 5. c3 O-O 6. f4 Nc6 7. Ngf3 Re8 8. O-O
e5 9. Qc2 Nd5 10. Nb3 a6 11. a4 Nb6 12. a5 Nd7 13. Ng5 Nf6 14. fxe5 dxe5 15.
Bc4 Re7 16. Nc5 Qe8 17. Nce4 Bf5 18. Nxf6+ Bxf6 19. e4 Bxg5 20. Bxg5 Bxe4 21.
Qxe4 Rd7 22. Rf6 exd4 23. Rxg6+ hxg6 24. Qxg6+ Kf8 25. Bh6+ Ke7 26. Re1+ Kd8
27. Rxe8+ Kxe8 28. Qg8+ Ke7 29. Qxf7+ Kd6 30. Qd5+ Ke7 31. Bg5+ 1-0

[Event "Quebec op"]
[Site "Chess.com"]
[Date "2020.07.30"]
[Round "6.6"]
[White "Turcotte, Jonathan"]
[Black "He, Jiaqi"]
[Result "1-0"]
[WhiteElo "2035"]
[BlackElo "1671"]
[PlyCount "79"]
[EventDate "2020.07.25"]
[EventType "swiss"]
[EventRounds "7"]
[EventCountry "CAN"]

1. d4 Nf6 2. c4 g6 3. Nc3 Bg7 4. e4 d6 5. Be2 O-O 6. Nf3 c5 7. O-O cxd4 8. Nxd4
Nc6 9. Be3 Ne5 10. f3 a6 11. Qd2 Bd7 12. Rfd1 Rc8 13. b3 Bc6 14. Rac1 Qd7 15.
h3 Qc7 16. f4 Ned7 17. Bf3 Rfd8 18. b4 Nb6 19. Nd5 Bxd5 20. cxd5 Qd7 21. Qd3
Rc7 22. Nc6 bxc6 23. Bxb6 Rdc8 24. Bxc7 Rxc7 25. dxc6 Rxc6 26. e5 Rxc1 27. Rxc1
dxe5 28. Qxd7 Nxd7 29. Rc7 Nf8 30. fxe5 Bxe5 31. Rxe7 Bd6 32. Ra7 Bxb4 33. Rxa6
Nd7 34. Kf1 Kf8 35. Ra7 Ne5 36. Bd5 Ke8 37. Ke2 h5 38. a4 Bc5 39. Rb7 f6 40. a5
1-0

[Event "Quebec op"]
[Site "Chess.com"]
[Date "2020.07.30"]
[Round "6.7"]
[White "Bilodeau-Savaria, Sandy-Rose"]
[Black "Craciun, David"]
[Result "1-0"]
[WhiteElo "1501"]
[BlackElo "1930"]
[PlyCount "41"]
[EventDate "2020.07.25"]
[EventType "swiss"]
[EventRounds "7"]
[EventCountry "CAN"]

1. d4 d5 2. c4 e6 3. Nf3 Be7 4. Nc3 Nf6 5. Bf4 O-O 6. e3 Nbd7 7. Bd3 a6 8. a4
b6 9. cxd5 exd5 10. O-O Bb7 11. Qc2 h6 12. Rac1 Nh5 13. Bg3 Nxg3 14. hxg3 c5
15. e4 c4 16. Be2 dxe4 17. Nxe4 b5 18. axb5 axb5 19. Ned2 Ra2 20. Ra1 Qb6 21.
Rxa2 1-0

[Event "Quebec op"]
[Site "Chess.com"]
[Date "2020.07.30"]
[Round "6.8"]
[White "Wang, Rachel"]
[Black "Dufresne, Christophe"]
[Result "1-0"]
[WhiteElo "1837"]
[BlackElo "1586"]
[PlyCount "95"]
[EventDate "2020.07.25"]
[EventType "swiss"]
[EventRounds "7"]
[EventCountry "CAN"]

1. d4 d5 2. c4 c6 3. Nc3 Nf6 4. Nf3 e6 5. Bg5 Be7 6. e3 Nbd7 7. Rc1 O-O 8. Bd3
dxc4 9. Bxc4 Nb6 10. Bd3 Nfd5 11. Bxe7 Nxc3 12. Bxh7+ Kxh7 13. Qd3+ g6 14. Bxd8
Nxa2 15. Qa3 Rxd8 16. Qxa2 Nd5 17. O-O Kg7 18. Qc4 Bd7 19. e4 Nf6 20. Rfe1 Rh8
21. Ne5 Rad8 22. Qb4 Bc8 23. f3 Nd7 24. Nd3 Nf6 25. Nc5 b6 26. Nd3 Bb7 27. Ne5
Nd7 28. Nxc6 Bxc6 29. Rxc6 Nb8 30. Rc7 Na6 31. Qe7 Nxc7 32. Qxc7 Rxd4 33. Qxa7
Rb4 34. Qa3 Rb5 35. Qc3+ Kg8 36. Rd1 e5 37. b4 Kg7 38. Qc4 Rc5 39. bxc5 bxc5
40. Qxc5 Re8 41. Rd5 Ra8 42. Rxe5 Ra1+ 43. Kf2 Ra2+ 44. Kg3 Rb2 45. Re8 Rb7 46.
Qf8+ Kf6 47. Kg4 g5 48. Qh6# 1-0

[Event "Quebec op"]
[Site "Chess.com"]
[Date "2020.07.30"]
[Round "6.9"]
[White "Kozlov, Guennadi"]
[Black "Neacsu, Theodore"]
[Result "1/2-1/2"]
[WhiteElo "1886"]
[BlackElo "1161"]
[PlyCount "48"]
[EventDate "2020.07.25"]
[EventType "swiss"]
[EventRounds "7"]
[EventCountry "CAN"]

1. e4 e6 2. d4 d5 3. Nd2 c5 4. c3 cxd4 5. cxd4 Nc6 6. Ngf3 dxe4 7. Nxe4 Bb4+ 8.
Bd2 Bxd2+ 9. Qxd2 Nf6 10. Nxf6+ Qxf6 11. Bb5 Bd7 12. O-O O-O 13. Ne5 Rad8 14.
Bxc6 Bxc6 15. Nxc6 bxc6 16. Rfd1 c5 17. Qa5 cxd4 18. Qxa7 e5 19. b4 e4 20. b5
d3 21. Qe3 Qe5 22. Rab1 f5 23. f3 Rfe8 24. a4 f4 1/2-1/2

[Event "Quebec op"]
[Site "Chess.com"]
[Date "2020.07.30"]
[Round "6.10"]
[White "Lynch, Jonathan"]
[Black "He, Zekai"]
[Result "1/2-1/2"]
[WhiteElo "1682"]
[BlackElo "1575"]
[PlyCount "75"]
[EventDate "2020.07.25"]
[EventType "swiss"]
[EventRounds "7"]
[EventCountry "CAN"]

1. d4 d5 2. Bf4 Nf6 3. e3 Bf5 4. f3 e6 5. Nd2 c5 6. g4 Bg6 7. h4 h6 8. dxc5
Bxc5 9. Nb3 Bb4+ 10. c3 Bd6 11. Nh3 Nc6 12. Bd3 Bxd3 13. Qxd3 Ne5 14. Qb5+ Qd7
15. Qxd7+ Nfxd7 16. O-O-O Ke7 17. Nd4 Nc4 18. Rhe1 Bxf4 19. exf4 Rhe8 20. Nb5
Kd8 21. b3 a6 22. Nd4 Ncb6 23. a4 Nc8 24. Nf2 Na7 25. b4 Nc6 26. Nb3 Rc8 27.
Kb2 Na7 28. Nd3 b6 29. f5 Nc6 30. Nf4 exf5 31. Rxe8+ Kxe8 32. gxf5 Ne7 33. Re1
Kf8 34. Nd4 Nf6 35. Nd3 Nc6 36. Nxc6 Rxc6 37. Re5 Rc4 38. f4 1/2-1/2